Milan Hodža v zápase o budúcnosť strednej Európy v rokoch 1939-1944 / Pavol Lukáč ; editor Štefan Šebesta
Record details
- ISBN: 80-224-0909-X
- Physical Description: 350 s. ; 24 cm
- Edition: 1. vyd.
- Publisher: Bratislava : Veda, 2005
Content descriptions
| Bibliography, etc. Note: | Obsahuje bibliografické odkazy a rejstříky |
| Language Note: | Část. anglický text, anglické resumé |
| Issuing Body Note: | Vydavatel: Ústav politických vied SAV |
Search for related items by subject
| Genre: | disertace studie personální bibliografie sborníky |
Search for related items by series
Available copies
- 1 of 1 copy available at Common Catalog SPOK.
Holds
- 0 current holds with 1 total copy.
Show All Copies
| Location | Call Number / Copy Notes | Barcode | Shelving Location | Status | Due Date |
|---|---|---|---|---|---|
| VERITAS Library | V 10a-4 | 4637600098 | Stacks | Available | - |
| LDR | 02754cam a22006977a 4500 | ||
|---|---|---|---|
| 001 | 57675 | ||
| 003 | CZ-PrJAB | ||
| 005 | 20140912140339.0 | ||
| 007 | ta | ||
| 008 | 070122s2005 xo f 001 0 slo | ||
| 035 | . | ‡a(CZ OlVK)vkol000890594 | |
| 990 | . | ‡aBK | |
| 020 | . | ‡a80-224-0909-X ‡q(váz.) ‡z978-80-224-0909-4 | |
| 040 | . | ‡aABA001 ‡bcze ‡dOLA001 | |
| 041 | 0 | . | ‡aslo ‡aeng ‡beng |
| 043 | . | ‡aec----- ‡ae-cs--- ‡ae-xr--- ‡ae-xo--- | |
| 045 | . | ‡ax3x4 | |
| 072 | 7. | ‡a327 ‡xMezinárodní vztahy, světová politika ‡2Konspekt ‡915 | |
| 080 | . | ‡a32-051 ‡2MRF | |
| 080 | . | ‡a930-051 ‡2MRF | |
| 080 | . | ‡a[339.923+327](4) ‡2MRF | |
| 080 | . | ‡a323.172 ‡2MRF | |
| 080 | . | ‡a342.395.3 ‡2MRF | |
| 080 | . | ‡a32-026.12:314.15-026.49 ‡2MRF | |
| 080 | . | ‡a323.25/.26-027.63 ‡2MRF | |
| 080 | . | ‡a327 ‡2MRF | |
| 080 | . | ‡a012 ‡2MRF | |
| 080 | . | ‡a(4-191.2) ‡2MRF | |
| 080 | . | ‡a(437.6) ‡2MRF | |
| 080 | . | ‡a(043.3) ‡2MRF | |
| 080 | . | ‡a(048.8) ‡2MRF | |
| 080 | . | ‡a(081) ‡2MRF | |
| 100 | 1 | . | ‡aLukáč, Pavol, ‡d1970-2004 ‡7jn19990210393 ‡4aut |
| 245 | 1 | 0. | ‡aMilan Hodža v zápase o budúcnosť strednej Európy v rokoch 1939-1944 / ‡cPavol Lukáč ; editor Štefan Šebesta |
| 250 | . | ‡a1. vyd. | |
| 260 | . | ‡aBratislava : ‡bVeda, ‡c2005 | |
| 300 | . | ‡a350 s. ; ‡c24 cm | |
| 490 | 1 | . | ‡aMonografie a štúdie ; ‡vzv. 10 |
| 504 | . | ‡aObsahuje bibliografické odkazy a rejstříky | |
| 546 | . | ‡aČást. anglický text, anglické resumé | |
| 550 | . | ‡aVydavatel: Ústav politických vied SAV | |
| 600 | 1 | 7. | ‡aHodža, Milan, ‡d1878-1944 ‡7jn19990210279 ‡2czenas |
| 600 | 1 | 7. | ‡aLukáč, Pavol, ‡d1970-2004 ‡7jn19990210393 ‡2czenas |
| 648 | 4. | ‡a1939-1944 | |
| 648 | 7. | ‡a19.-20. století ‡7ch757015 ‡2czenas | |
| 650 | 0 | 7. | ‡apolitici ‡7ph115781 ‡zSlovensko ‡y19.-20. století ‡2czenas |
| 650 | 0 | 7. | ‡ahistorici ‡7ph114665 ‡zSlovensko ‡y20.-21. století ‡2czenas |
| 650 | 0 | 7. | ‡aevropská integrace ‡7ph137464 ‡zEvropa střední ‡2czenas |
| 650 | 0 | 7. | ‡afederalismus ‡7ph120148 ‡zEvropa střední ‡2czenas |
| 650 | 0 | 7. | ‡aexilová vláda ‡7ph120091 ‡zČeskoslovensko ‡2czenas |
| 650 | 0 | 7. | ‡aexilová politická činnost ‡7ph151869 ‡zČeskoslovensko ‡2czenas |
| 650 | 0 | 7. | ‡azahraniční odboj ‡7ph116243 ‡zČeskoslovensko ‡y1939-1945 ‡2czenas |
| 651 | 7. | ‡aEvropa střední ‡7ge137882 ‡xzahraniční vztahy ‡y1939-1945 ‡2czenas | |
| 651 | 7. | ‡aČeskoslovensko ‡7ge131689 ‡xzahraniční vztahy ‡y1939-1945 ‡2czenas | |
| 655 | 7. | ‡adisertace ‡7fd132024 ‡2czenas | |
| 655 | 7. | ‡astudie ‡7fd133597 ‡2czenas | |
| 655 | 7. | ‡apersonální bibliografie ‡7fd133021 ‡2czenas | |
| 655 | 7. | ‡asborníky ‡7fd163935 ‡2czenas | |
| 700 | 1 | . | ‡aŠebesta, Štefan, ‡d1940- ‡7skuk0001354 ‡4edt |
| 710 | 2 | . | ‡aSlovenská akadémia vied. ‡bÚstav politických vied ‡7kn20040106003 |
| 810 | 2 | . | ‡aSlovenská akadémia vied. ‡bÚstav politických vied. ‡tMonografie a štúdie |
| 910 | . | ‡aJIE803 | |
| 995 | . | ‡aska | |
| 901 | . | ‡a57675 ‡bAUTOGEN ‡c57675 ‡tbiblio | |